00668 2200241 4500001002100000005001500021035002000036245009300056100001900149250000600168300003500174700003000209260004300239082000800282084001400290020002200304650001500326990001700341990001700358990001700375990001700392990001700409INLIS00000000000011420180828010121 a0010-08180000781 aMengenal Bangun dan Belajar Pecahan /cDidik Djunaedi; Editor, Titiek Tri Indrijaningsih0 aDidik Djunaedi a- aiv, 60 hlm. :bilus. ;c25 cm.0 aTitiek Tri Indrijaningsih aJakarta :bPT Gading Inti Prima,c2010 a510 a510 DID m a978-602-8608-6-64 aMatematika a00482/H/2018 a00483/H/2018 a00484/H/2018 a04184/H/2018 a04185/H/2018